[Event "Hoogeveen Essent Crown"]
[Site "Hoogeveen"]
[Date "2003.10.17"]
[Round "5"]
[White "Sokolov, Ivan"]
[Black "Polgar, Judit"]
[Result "1-0"]
[WhiteElo "2695"]
[BlackElo "2722"]
[Annotator "Ftacnik,L"]
[PlyCount "83"]
[EventDate "2003.10.12"]
[EventType "tourn"]
[EventRounds "6"]
[EventCountry "NED"]
[EventCategory "18"]
[SourceTitle "CBM 098"]
[Source "ChessBase"]
[SourceDate "2004.02.03"]
[SourceVersion "1"]
[SourceVersionDate "2004.02.03"]
[SourceQuality "1"]

1. d4 Nf6 2. c4 e6 3. Nf3 b6 4. Nc3 Bb7 5. a3 d5 6. cxd5 Nxd5 7. Qc2 Nxc3 8.
bxc3 Be7 9. e4 O-O 10. Bd3 c5 11. O-O Qc8 12. Qe2 Ba6 13. Rd1 Rd8 14. h4 (14.
Bf4 cxd4 15. cxd4 Bxd3 16. Rxd3 Nd7 17. Rb3 Qb7 18. h3 Rac8 19. Rd1 Qc6 20.
Rbd3 Qc2 21. Qe3 b5 22. Ne1 Qa4 23. Qg3 Bf8 24. d5 e5 25. Bxe5 Qxe4 26. Bc7 {
1-0 Strating,S-Werle,J/Netherlands 2000/ (52)}) (14. Bb2 Bxd3 15. Rxd3 cxd4 16.
cxd4 Nd7 17. Rad1 Qa6 18. h4 h6 19. Bc1 Qb7 20. Nh2 Bxh4 21. Qg4 Bxf2+ 22. Kxf2
Nf6 23. Qf3 Qxe4 24. Qxe4 Nxe4+ 25. Kf3 $11 {Bunzmann,A-Sax,G/Saint Vincent/
2000/}) 14... cxd4 15. cxd4 Bxd3 16. Rxd3 Nd7 17. Bg5 f6 {White has only a
tiny advantage in this line, but black must play very carefully.} (17... Bxg5
18. hxg5 Qc7 19. Qe3 Rac8 20. Rad1 $13) 18. Bf4 Qb7 19. h5 (19. Rc1 Rac8 20.
Rxc8 Rxc8 21. h5 Qa6 22. Qd1 Qb7 23. Nd2 $14) 19... Rac8 20. Rad1 Qa6 21. e5 (
21. Qa2 Qc4 22. Qxc4 Rxc4 23. Be3 (23. d5 Nc5 24. Rd4 Rxd4 25. Nxd4 Rd7 $13)
23... Rdc8 24. Kf1 $14) 21... f5 $6 (21... Qc4 $5 22. exf6 Bxf6 23. Re1 b5 24.
Re3 Nf8 $11) 22. d5 $1 {Sokolov opens up the fight for the kingside attack
with some great tactical shots.} (22. h6 g6 23. d5 Nc5 24. d6 Nxd3 25. Qxd3 (
25. dxe7 $2 Rd5 $17) 25... Qxd3 26. Rxd3 $44) 22... exd5 (22... Nc5 23. d6 Nxd3
24. Qxd3 Qxd3 25. Rxd3 Rd7 (25... Bf8 $2 26. Ng5 $18) 26. Nd4 Kf7 27. dxe7 Rc4
28. Rg3 Rxe7 29. Bg5 $16) 23. Nd4 (23. Qa2 Nf8 (23... Nc5 24. Rxd5 Kf8 25. e6
$16) 24. Rxd5 Rxd5 25. Qxd5+ Kh8 26. Qf7 Qa4 27. Re1 Qe8 28. Qxf5 Bxa3 29. Ra1
Bc5 30. Rxa7 $16) 23... Rf8 (23... Nc5 24. Nxf5 Bf8 25. Qg4 Nxd3 26. Nh6+ Kh8
27. Nf7+ Kg8 28. Qe6 Be7 29. Nh6+ Kh8 30. Qg8+ Rxg8 31. Nf7#) 24. Qf3 Nc5 25.
h6 (25. Qxd5+ Kh8 26. Rc3 Qa4 27. Rd2 Ne4 28. Rxc8 Rxc8 29. Rd3 Nc5 $11) 25...
g5 (25... Nxd3 26. hxg7 $1 Rf7 (26... Kxg7 27. Rxd3 Kh8 28. Bh6 Qa5 29. Kh2 $40
) 27. Rxd3 Bc5 28. Ne6 (28. e6 Rf6 29. e7 Qb7 30. Bg5 Bxd4 31. Rxd4 Qxe7 32.
Bxf6 Rc1+ 33. Kh2 Qxf6 34. Qxd5+ Kxg7 35. Qd7+ $11) 28... Qc4 29. Rxd5 Bxa3 30.
Nd4 Qa2 31. e6 $14) 26. Bxg5 $5 {[%mdl 128] A magnificient attacking idea,
that was played partly on calculation and to a great deal on tactical feeling.
Polgar's queen on a6 is the main reason behind black's defensive problems.}
Bxg5 (26... Nxd3 $2 27. Bxe7 Nxe5 28. Qxd5+ Nf7 29. Qxf5 $18) 27. Qh5 (27.
Qxd5+ Kh8 28. Ne6 Nxe6 29. Qxe6 Rce8 $19) 27... Bf4 (27... Nxd3 $2 28. Qxg5+
Kf7 29. e6+ Ke8 30. Nxf5 Rxf5 31. Qxf5 $18) (27... Bd8 28. Nxf5 Qa4 (28... Nxd3
$2 29. Qg4+ Kf7 30. Qg7+ Ke6 31. Nd4#) (28... Kh8 29. Nd6 $3 Nxd3 (29... Rc7
30. Rf3 Rg8 31. Rf7 Be7 32. Qf5 Rg6 33. Rf8+ Bxf8 34. Qxf8+ Rg8 35. Qf6+ Rgg7
36. hxg7+ Rxg7 37. Qf8+ Rg8 38. Nf7#) 30. Nf7+ Kg8 (30... Rxf7 31. Qxf7 $18)
31. Nxd8 Rcxd8 (31... Rfxd8 32. e6 Qb7 33. Qg5+ Kf8 34. Qf6+ Ke8 35. Qh8+ Ke7
36. Qxh7+ $18) 32. Qg5+ Kf7 33. Qf6+ Ke8 34. Qe6#) (28... Rxf5 29. Qxf5 (29.
Qe8+ Rf8 30. Rg3+ Bg5 31. Qe7 Ne6 32. Qxe6+ Kh8 33. Rxg5 $18) 29... Nxd3 30.
Rxd3 $18) 29. Rd4 Qc6 30. Nd6 Rc7 31. Rxd5 $16) 28. Rf3 (28. Nxf5 Rxf5 $1 29.
Qxf5 Nxd3 30. Qe6+ Kf8 31. Qf6+ Ke8 32. Qe6+ $11) 28... Bxe5 29. Nxf5 (29. Rxf5
Rxf5 (29... Bf6 30. Qg4+ Kh8 31. Rxf6 Rg8 32. Qf5 $16) 30. Nxf5 Nd7 $1 (30...
Kf8 31. Rxd5 Nd3 32. Ng3 $1 (32. Rxe5 $6 Nxe5 33. Nd6 Qxa3 34. Qf5+ Ke7 35.
Nxc8+ Kd8 36. Nxa7 Qc1+ 37. Kh2 Qxh6+ $11) 32... Ke7 33. Qf5 $18) (30... Qb7
31. f4 $1 Bf6 (31... Bh8 32. Nd6 Qd7 33. Qg5+ Kf8 34. Rxd5 $18) 32. Qg4+ Kh8
33. Nd6 Rg8 34. Qh5 $18) (30... Kh8 31. Ne7 Bb2 32. Rxd5 Ra8 33. Qf7 $18) 31.
f4 (31. Ne7+ Kf8 32. Nxd5 (32. Nxc8 Qxc8 33. Qf5+ Ke7 34. Qxh7+ Kd6 35. Qf7 Qc4
$13) 32... Qb5 33. Qf3+ Ke8 34. Qh5+ $11) 31... Qxa3 (31... Bf6 32. Nd6 Rf8 33.
Qxd5+ Kh8 34. Nf7+ Rxf7 35. Qxf7 $18) 32. Qg4+ Kh8 33. fxe5 Qc5+ 34. Kh1 Rg8
35. Qh4 Qc2 36. Ne3 $13) 29... Qb7 (29... Kh8 30. Ne7 Bb2 (30... Nd7 31. Nxc8
Rxc8 (31... Qxc8 32. Rxf8+ Qxf8 33. Rxd5 Qe7 34. Rxd7 $18) 32. Re3 $18) 31.
Nxc8 Qxc8 (31... Rxc8 32. Rf7 $18) 32. Rxf8+ Qxf8 33. Qxd5 $16 Qxh6 $140 34.
Qd8+ Kg7 35. Qe7+ Kg6 36. Rd6+ $18) 30. Rxd5 Rce8 (30... Rxf5 $2 31. Qxf5 Qxd5
32. Qxc8+ $18) (30... Bf6 31. Nd6 Qd7 32. Nxc8 Qxc8 33. Rxf6 Rxf6 34. Qg5+ Kf7
35. Qg7+ Ke6 36. Qg4+ Kxd5 37. Qxc8 $18) (30... Nd7 31. Ne7+ Kh8 32. Rxe5 Rxf3
(32... Rc1+ 33. Kh2 Rxf3 34. Qg5 $18) 33. Nxc8 Qc7 34. Qxf3 Qxe5 35. Qf7 $18)
31. Qg5+ Kh8 32. Rxe5 Rxe5 33. Ne7 $3 {The final touch of a tactical magician,
Sokolov has managed to create an attacking masterpiece.} (33. Qg7+ Qxg7 34.
hxg7+ Kg8 35. gxf8=Q+ Kxf8 36. Nd6+ Ke7 37. Nc8+ Kd7 38. Nxa7 $16) 33... Re1+ (
33... Rxg5 34. Rxf8+ Rg8 35. Rxg8#) 34. Kh2 Qb8+ (34... Qc7+ $2 35. g3 $18) 35.
Rg3 $1 (35. g3 Ne6 $19) 35... Rxe7 (35... Ne6 36. Qg7+ $1 Nxg7 37. hxg7#) 36.
Qxe7 Ne6 37. Qxe6 Qf4 38. a4 a6 (38... Rd8 39. Kh3 Qd4 40. Rg4 $18) 39. Qxb6
Rb8 40. Qe3 Qh4+ 41. Rh3 Qf6 42. Qc3 1-0

[Event "North Sea Cup 18th"]
[Site "Esbjerg"]
[Date "2003.07.12"]
[Round "9"]
[White "Krasenkow, Michal"]
[Black "Schandorff, Lars"]
[Result "1/2-1/2"]
[WhiteElo "2609"]
[BlackElo "2563"]
[Annotator "Ftacnik,L"]
[PlyCount "95"]
[EventDate "2003.06.04"]
[EventType "tourn"]
[EventRounds "9"]
[EventCountry "DEN"]
[EventCategory "15"]
[SourceTitle "CBM 096"]
[Source "ChessBase"]
[SourceDate "2003.09.25"]
[SourceVersion "1"]
[SourceVersionDate "2003.09.25"]
[SourceQuality "1"]

1. d4 Nf6 2. c4 e6 3. Nf3 b6 4. Nc3 Bb7 5. a3 d5 6. cxd5 Nxd5 7. Qc2 Nxc3 8.
bxc3 c5 9. e4 Nd7 10. Bf4 Be7 11. d5 exd5 12. exd5 O-O 13. Rd1 g5 $5 {[%mdl 4]
Phantastic idea in a sharp position, black can afford it from the position of
a player with the development advantage.} (13... Bf6 14. Be2 Re8 15. O-O Ne5
16. Bxe5 Bxe5 17. Bb5 Re7 18. Bc6 Bf6 19. Bxb7 Rxb7 20. c4 b5 21. cxb5 Rxb5 22.
a4 Rb4 23. Qxc5 Rxa4 {0-1 Gaprindashvili,N-Akhmilovskaya,E/Tskhaltubo 1988/ 
(34)}) (13... Re8 14. Be2 c4 15. O-O Bxa3 16. Bxc4 Qf6 17. Ng5 Nf8 18. g3 h6
19. Ne4 Qf5 20. f3 Ng6 21. Bc7 Rac8 22. Bb5 Rxc7 23. Bxe8 Bxd5 24. Nf6+ Qxf6
25. Rxd5 Rxc3 {0-1 Krasenkow,M-Karpov,A/Wijk aan Zee 2003/ (29)}) 14. Bg3 (14.
Be3 g4 15. Nd2 (15. Ng1 f5 16. h3 Bg5 17. hxg4 Bxe3 18. fxe3 Qg5 19. Bd3 Rae8
20. Ne2 Qxe3 21. c4 Qg3+ 22. Kd2 Qxg4 23. Rh3 {1/2-1/2 Radjabov,T-Kramnik,V/
Linares 2003/ (48)}) 15... f5 16. h3 f4 17. hxg4 Bh4 18. Nf3 fxe3 19. Rxh4
exf2+ 20. Qxf2 Qe7+ 21. Qe2 Qg7 22. Qe6+ Kh8 23. Bd3 Rae8 24. Rxh7+ Qxh7 25.
Bxh7 Kxh7 26. Ng5+ Kg7 27. Kd2 Rxe6 28. Nxe6+ Kg8 29. Nxf8 Kxf8 30. c4 b5 {
1/2-1/2 Lputian,S-Adorjan,A/Hastings 1986/ (41)}) 14... f5 15. Bd3 (15. h4 g4
16. Ng5 Bxg5 17. hxg5 Qxg5 18. Be2 Rae8 $13) 15... g4 $2 {Wrong decision that
should have been punished with a loss, while 15...f4!? was very promising for
black.} (15... f4 $5 16. Bxh7+ (16. h4 g4 $1 (16... fxg3 $2 17. Bxh7+ Kh8 18.
hxg5 gxf2+ 19. Kf1 $18) 17. Bxh7+ Kh8 18. Bg8 (18. Bxf4 gxf3 19. g3 Nf6 $17)
18... Nf6 19. Ne5 fxg3 20. Nf7+ Rxf7 21. Bxf7 c4 $1 $17) 16... Kh8 17. Bf5 Kg7
18. Be6 (18. Bxf4 gxf4 19. c4 Bf6 $15) 18... Bc8 19. c4 fxg3 20. hxg3 Rh8 21.
Rxh8 Qxh8 22. Nxg5 Bxg5 23. Qf5 Bf6 24. Bxd7 Qe8+ 25. Be6 Bxe6 26. dxe6 Bd4 $15
) 16. Ng1 f4 (16... Bf6 17. c4 Qe7+ 18. Ne2 Rae8 19. O-O $16) 17. Bxh7+ Kh8 18.
Bf5 Bg5 (18... Bd6 19. Ne2 Qc7 (19... fxg3 20. hxg3+ Kg7 21. Rh7+ Kf6 22. Bxg4
$18) 20. h3 fxg3 21. hxg4+ Kg7 22. Rh7+ Kf6 23. Be6 $18) 19. h3 (19. Ne2 Qe7
20. h3 Rxf5 21. hxg4+ Kg8 22. Qxf5 fxg3 23. Qg6+ Qg7 24. Qxg7+ Kxg7 25. f4 $18)
19... Qe7+ 20. Kf1 $2 {Krasenkow is paying back with a mistake of his own, 20.
Ne2! exults an air of a winning continuation.} (20. Ne2 $1) 20... Rxf5 (20...
fxg3 21. hxg4+ Bh4 22. Nf3 $18) 21. hxg4+ Kg8 22. gxf5 (22. Qxf5 Ba6+ 23. Rd3
Ne5 24. d6 Bxd3+ 25. Qxd3 Nxd3 26. dxe7 fxg3 $19) 22... fxg3 23. Nf3 (23. fxg3
Ba6+ 24. Ne2 Nf6 $17) 23... Ba6+ 24. c4 (24. Kg1 gxf2+ 25. Kxf2 Qe3+ 26. Kg3
Bf4+ 27. Kh3 Kf7 $19) 24... gxf2 25. d6 (25. Rh3 Bf6 26. Kxf2 Re8 27. Re1 Ne5
28. Qe4 $14) 25... Qe3 26. Rh3 (26. Nxg5 Ne5 (26... Qxg5 27. Qc3 Qg7 28. Qxg7+
Kxg7 29. Kxf2 Bxc4 30. g4 $14) 27. Qxf2 Bxc4+ 28. Kg1 Qxg5 29. Rh3 Kf8 30. Re1
Nf7 31. Rg3 $14) 26... Bf6 {Black has survived the danger and with active
pieces starts to gain confidence for the upcoming fight.} (26... Re8 27. Rg3
Kf8 28. Rxg5 Ne5 29. Nxe5 (29. d7 Bxc4+ 30. Qxc4 Nxc4 31. dxe8=Q+ Qxe8 $15)
29... Rxe5 30. Qxf2 Bxc4+ 31. Kg1 Qxg5 32. d7 Rd5 33. Rxd5 Bxd5 34. f6 Qc1+ 35.
Kh2 Qh6+ 36. Kg1 $11) 27. Qxf2 (27. Rg3+ Kf8 28. Rg4 Re8 29. Qd3 Bb7 30. Qxe3
Rxe3 31. Kxf2 Rxa3 $17) 27... Bxc4+ 28. Kg1 Re8 (28... Qf4 29. Qg3+ Qxg3 30.
Rxg3+ Kf7 31. Rh3 $15) 29. g4 Bd4 (29... Qxa3 30. Kh1 (30. g5 Bd4 31. Rxd4 Qa1+
32. Kh2 Re2 $19) 30... Qb3 31. Re1 Rxe1+ 32. Qxe1 Qd3 $19) 30. Qxe3 Rxe3 31.
Kh2 Be2 (31... Bb2 32. Ng1 Be5+ 33. Kg2 Re4 $17) 32. Re1 (32. Rxd4 cxd4 33.
Nxd4 Re4 34. Nxe2 Rxe2+ 35. Kg3 Re4 $17) (32. Nxd4 Rxh3+ 33. Kxh3 Bxd1 34. Nb5
$19) 32... Bc3 (32... Rxf3 33. Rxe2 Be5+ 34. Kg2 Rf4 35. Rhe3 Bxd6 36. Kh3 c4
$17) 33. Nd2 Rxh3+ (33... Be5+ 34. Kg2 Rxh3 35. Kxh3 Bd3 $17) 34. Kxh3 Bb5 35.
Rb1 Bc6 36. Nc4 b5 (36... Bf6 37. Rd1 Kf7 38. Ne3 b5 39. Nd5 Bxd5 40. Rxd5 a5
$17) 37. Rc1 Bf6 $2 {Black became so spoilt by many promising lines, that he
finally loses the confidence in realisation of his advantage.} (37... b4 38.
axb4 cxb4 39. g5 Bb5 40. Ne3 Bd2 41. Rc8+ Kg7 42. Nd5 Bxg5 43. Nxb4 $17) 38.
Na5 Be4 (38... Bf3 39. Rf1 Bd5 40. Rd1 Ba8 41. g5 $15) 39. Re1 Bd3 (39... Bf3
40. Re3 $13) 40. Re8+ Kf7 41. Ra8 Be4 (41... Bf1+ 42. Kg3 Be5+ 43. Kf2 Bh3 44.
Rxa7 Ke8 45. Ra8+ Kf7 46. Ra7 $11) 42. Rxa7 Ke8 43. Nb7 c4 (43... b4 44. axb4
cxb4 45. Ra8+ Kf7 46. Nd8+ Ke8 47. Nc6+ Kf7 $11) 44. Ra8+ Kf7 45. Nd8+ Ke8 46.
Nc6+ Kf7 47. Nd8+ Ke8 48. Nc6+ 1/2-1/2

[Event "Interpolis-02"]
[Site "Tilburg"]
[Date "1978.09.05"]
[Round "4"]
[White "Miles, Anthony John"]
[Black "Dzindzichashvili, Roman"]
[Result "1-0"]
[WhiteElo "2565"]
[BlackElo "2550"]
[Annotator "Ftacnik,L"]
[PlyCount "125"]
[EventDate "1978.09.01"]
[EventType "tourn"]
[EventRounds "11"]
[EventCountry "NED"]
[EventCategory "14"]
[SourceTitle "MCL"]
[Source "ChessBase"]
[SourceDate "1999.07.01"]
[SourceVersion "1"]
[SourceVersionDate "1999.07.01"]
[SourceQuality "1"]

1. d4 Nf6 2. Nf3 e6 3. c4 b6 4. Bf4 Bb7 5. e3 Bb4+ $146 6. Nbd2 (6. Nc3 $5 Ne4
$13) 6... O-O 7. Rc1 h6 8. Bd3 d6 9. O-O Bxd2 10. Nxd2 $14 c5 $6 (10... e5 11.
Bg3 Nbd7) (10... Nbd7) 11. dxc5 dxc5 (11... bxc5 12. Nb1 d5) 12. Nb1 $1 Qd7 $5
(12... Nc6 13. Nc3 $14) 13. Qe2 (13. Nc3 $6 Rd8 14. Qe2 (14. Be2 $2 Qc6 $17)
14... Bxg2 $1 15. Rfd1 Bb7 $1 16. Bh7+ Kxh7 17. Rxd7 Nbxd7 $15) (13. Qc2 $5)
13... Qc6 14. f3 Nh5 $6 15. Be5 Nd7 16. Be4 Qc8 17. Bd6 Re8 (17... Bxe4 $2 18.
fxe4 $18) 18. Nc3 Nhf6 (18... Bxe4 19. Nxe4 (19. fxe4 Nhf6 20. e5 Nh7 21. Qh5
$40)) 19. Bc2 $16 Bc6 20. Rcd1 Qb7 21. Bg3 a6 22. a4 Nf8 23. Rd6 Red8 24. Rfd1
Rxd6 25. Rxd6 Ne8 26. Rd2 Rc8 27. h3 Qe7 28. Qd1 Qb7 29. Be4 Bxe4 30. Nxe4 Qc6
(30... b5 31. Qb3) 31. Nc3 f6 32. b3 Kf7 33. Ne4 Ra8 34. Nd6+ Nxd6 35. Rxd6 Qb7
36. Qd3 (36. Rd8 Rxd8 37. Qxd8 Nd7 38. Bd6) 36... Re8 37. h4 $1 Re7 $2 (37...
h5 $1) 38. h5 $1 Rd7 39. Rxd7+ Qxd7 (39... Nxd7 40. Qg6+ $18) 40. Qxd7+ Nxd7
41. Bc7 $1 $18 a5 $6 (41... Ke7 42. Kf2 Kf7 43. Kg3 Ke7 44. Kf4 Kf7 45. g4 Ke7
46. Ke4 Kf7 47. f4 Ke7 48. f5 $1 Kf7 49. Bd8 $1 Ke8 $8 (49... a5 50. Bc7 Ke7
51. Kf4 Kf7 52. Bd6 $1) 50. fxe6 $18) (41... f5 42. Kf2 Kf6 43. Bd8+ Ke5 44.
Kg3 (44. Be7 $5 a5 $2 45. Ke1 Nf6 46. f4+ Ke4 47. Bxf6 gxf6 48. Ke2 e5 49. g3
exf4 50. gxf4 $18) 44... Kd6 (44... f4+ 45. Kf2 fxe3+ 46. Kxe3 Kf5 47. g4+ Ke5
48. Be7 {/\ 49.f4#}) 45. Kf4 Nf6 46. Bxb6 $4 Nxh5#) 42. Kf2 g5 43. hxg6+ Kxg6
44. Kg3 Kg5 45. e4 h5 46. Kh3 (46. f4+ $2 Kg6 {/\f5 =}) 46... Kh6 47. Kh4 Kg6
48. Bd8 Kh6 49. Kg3 Kg7 (49... Kg5 50. e5) 50. Kh4 Kh6 51. Bc7 Kg6 52. g3 (52.
g4 $2 hxg4 53. fxg4 f5 $1) 52... Kh6 53. g4 $1 hxg4 54. fxg4 Kg6 55. Kg3 Kg5 (
55... f5 56. gxf5+ exf5 57. Kf4 $1 $18) 56. Kf3 Kh6 (56... e5 57. Kg3 Kg6 58.
Kh4 Kh6 59. Bd8 Kg6 60. g5 $1 (60. Be7 Kf7) 60... fxg5+ (60... f5 61. exf5+
Kxf5 62. Kh5 $1 e4 63. g6 e3 (63... Nf6+ 64. Bxf6 Kxf6 65. Kh6 e3 66. g7 e2 67.
g8=Q $18) 64. g7 e2 65. g8=Q e1=Q 66. Qf7+ $18) 61. Bxg5 Nb8 62. Bd8 Nd7 63.
Kg4 $18) (56... f5 57. Bd8+ Kg6 58. gxf5+ exf5 59. Kf4 $1 $18) 57. Kf4 Kg6 58.
e5 $1 $18 fxe5+ (58... f5 59. gxf5+ exf5 60. e6 $18) 59. Bxe5 Kf7 60. Bc7 Kf6
61. g5+ Kf7 62. Kg4 Kg6 63. Bd6 (63. Bd6 e5 (63... Kf7 64. Kh5 Kg7 65. Bc7 e5 (
65... Kh7 66. g6+ Kg7 67. Kg5 $18) 66. Kg4 $18) 64. Bc7 e4 65. Kf4 e3 66. Kxe3
Kxg5 67. Ke4 $18) 1-0

[Event "Interpolis-02"]
[Site "Tilburg"]
[Date "1978.09.15"]
[Round "11"]
[White "Miles, Anthony John"]
[Black "Larsen, Bent"]
[Result "1-0"]
[WhiteElo "2565"]
[BlackElo "2620"]
[Annotator "Ftacnik,L"]
[PlyCount "85"]
[EventDate "1978.09.01"]
[EventType "tourn"]
[EventRounds "11"]
[EventCountry "NED"]
[EventCategory "14"]
[SourceTitle "MCL"]
[Source "ChessBase"]
[SourceDate "1999.07.01"]
[SourceVersion "1"]
[SourceVersionDate "1999.07.01"]
[SourceQuality "1"]

1. d4 Nf6 2. Nf3 e6 3. c4 b6 4. Bf4 Bb7 5. e3 Be7 6. h3 O-O 7. Nc3 d5 8. cxd5
exd5 9. Bd3 Nbd7 $146 10. O-O a6 11. Ne5 Re8 12. Qf3 Bd6 13. Ng4 $1 $14 Ne4 $4
14. Bxd6 $16 cxd6 (14... Nxd6 15. Nxd5) 15. Rfc1 Qg5 16. Ne2 Rac8 17. Qf4 Qxf4
18. Nxf4 g6 19. f3 Nef6 20. Nxf6+ Nxf6 21. Kf2 Kf8 22. g4 $1 Ke7 23. h4 b5 {/\}
24. h5 (24. Bc2 Nd7 25. Bb3 Nb6) 24... Nd7 25. Rxc8 Rxc8 26. Rh1 Nf8 (26... Nb6
$2 27. hxg6 hxg6 28. Nxg6+ $18) 27. hxg6 hxg6 28. Ke2 Kf6 29. Kd2 Kg7 30. Rc1
$18 Rxc1 31. Kxc1 Kf6 32. Kd2 b4 (32... Bc6 {/\a5 33.a4!+-}) 33. Kc2 a5 34. Bb5
$1 {/\Kb3-a4 +-} Ne6 35. Nxe6 fxe6 36. Kb3 Kg5 37. Ka4 e5 38. Kxa5 exd4 39.
exd4 Kf4 40. Bd7 Ke3 41. Kb6 Ba8 42. Ka7 Kxd4 43. f4 1-0

[Event "Interpolis-02"]
[Site "Tilburg"]
[Date "1978.09.12"]
[Round "9"]
[White "Miles, Anthony John"]
[Black "Hort, Vlastimil"]
[Result "0-1"]
[WhiteElo "2565"]
[BlackElo "2620"]
[Annotator "Ftacnik,L"]
[PlyCount "98"]
[EventDate "1978.09.01"]
[EventType "tourn"]
[EventRounds "11"]
[EventCountry "NED"]
[EventCategory "14"]
[SourceTitle "MCL"]
[Source "ChessBase"]
[SourceDate "1999.07.01"]
[SourceVersion "1"]
[SourceVersionDate "1999.07.01"]
[SourceQuality "1"]

1. d4 Nf6 2. Nf3 e6 3. c4 b6 4. Bf4 Bb7 5. e3 c5 $6 (5... Be7) (5... Bb4+) (
5... d5) (5... Nh5) 6. d5 $1 (6. Nc3 cxd4 7. exd4 d5 $10) 6... exd5 7. Nc3 a6 (
7... dxc4 8. Nb5 $16 {e.g.} d5 9. Nc7+ Ke7 10. Nxa8 Bxa8 11. Bxc4 dxc4 12.
Qxd8+ Kxd8 13. Bxb8 $18) 8. cxd5 d6 9. e4 Qe7 $6 (9... Nbd7) (9... Nxe4 10.
Qa4+) (9... b5 10. Nd2 Qe7 11. Be2 b4 12. Na4 Nxe4 13. Nb6 Ra7 14. Qa4+ Kd8 15.
Ndc4 g5) 10. Be2 Nbd7 11. Nd2 b5 12. O-O Ne5 $1 (12... b4 13. Na4 Nxe4 14. Re1
$16) (12... g6 13. Bxb5 $1 axb5 14. Nxb5 $18 Ne5 (14... Qd8 15. Nc4) 15. Bxe5)
13. Bg3 $5 {(/\ f4,e5)} h5 $1 (13... g5 14. Qc2 $16) 14. Bh4 (14. h3 g5 15. f4
gxf4 16. Bxf4 Bh6) 14... Ng6 15. Bg5 h4 16. h3 $6 (16. a4 $5) (16. f4 b4 (16...
Qc7 17. Bxf6 gxf6 18. Bg4 Bh6 19. g3) (16... Bc8 17. Bf3 {/\ 18.e5}) (16...
O-O-O 17. a3 {/\ b4,a4}) 17. Qa4+ Kd8 (17... Qd7 18. Bxf6) 18. Qa5+ Ke8 19. Na4
) 16... Qc7 $1 (16... Qd8 $2 17. Nxb5 axb5 18. Bxb5+ Ke7 19. f4 $16) 17. Bxf6
gxf6 18. a4 b4 19. Ncb1 Bh6 20. Nc4 Bf4 $1 $13 21. Nbd2 a5 $6 22. Ne3 (22. Nb3
Ne5 23. Qc2 Rg8 24. Kh1 Rg7 {/\ ...f6-f5}) 22... O-O-O 23. Bb5 Ne5 24. Qe2 Rdg8
$6 (24... Kb8 $1 25. Ba6 Ba8 $3 {(/\ Ka7,Qb6,Bb7-c8)}) 25. Ba6 $14 Qb6 26.
Bxb7+ Kxb7 27. Ndc4 Qa6 28. Qc2 Rg6 29. Kh1 Rhg8 30. Rg1 Bxe3 $5 (30... Kc7 31.
b3 (31. Nxe5 fxe5 32. Qc4 Kb6 33. Qxa6+ Kxa6 34. Nf5 (34. Nc4 Rf8 {/\ 35...f5})
34... Rh8) (31. Rac1 Nxc4) 31... Kb7 32. Rab1 (32. Ra2 {/\ Qe2,Rc2} Nf3) (32.
Qd1 {/\ 32.Ra2-c2} Re8 33. Qb1 Reg8 34. Qd1 (34. Ra2 Nf3 35. Rd1 Ne5)) 32...
Kc7 33. Nf5 Nxc4 34. bxc4 Rh8 35. Rb3 Kd7 36. Rf3 Be5 37. Ne3 Rhg8 38. Ng4 Ke7
39. Rf5 Qc8) 31. Nxe3 Qd3 32. Rac1 Kc7 33. Rgd1 $4 (33. b3 Qxc2 (33... Qa6 34.
Rcd1 Kb7 35. Nf5 Rh8 36. f4 Nd7 37. Rge1 {/\ 38.Qf2}) 34. Rxc2 Nf3 35. Rd1 Ng5
36. f3 Ra8 (36... Re8 37. Re2 Rgg8 38. Nc4 Ra8 39. f4 Nh7 40. e5) 37. Re2 Rgg8
38. Nf5 Rh8 39. f4) 33... Qxc2 34. Rxc2 b3 $1 $15 35. Rc3 Rb8 36. Ra1 Rb4 37.
f4 $6 (37. Ra3 Rxe4 38. Rcxb3 Rb4 $1 $17) (37. f3 Rg8 $17) 37... Nd7 38. Nc4
Nb6 $1 39. Nxa5 (39. Nxb6 Kxb6 $19) 39... Rg3 $1 (39... Rxe4 40. Nxb3 Nxd5 {
/\ Nf4, Re2-+}) 40. Rxg3 hxg3 41. Kg1 Nxa4 (41... c4 42. Kf1 c3 43. bxc3 b2 44.
Rb1 Rxa4 45. Nb3 Ra2 {/\ Nc4-a3}) 42. Nxb3 Rxb3 43. Rxa4 Rxb2 44. Kf1 Rf2+ 45.
Kg1 Kb6 (45... Rxf4 46. Ra7+ Kb6 47. Rd7) 46. Ra3 c4 47. Rxg3 Rxf4 48. Re3 Kc5
49. g3 Kd4 0-1